[Event "Biel-Tbilisi"]
[Site "Biel"]
[Date "1990.??.??"]
[Round "2"]
[White "Partos, Charles"]
[Black "Ioseliani, Nana"]
[Result "1/2-1/2"]
[WhiteElo "2390"]
[BlackElo "2480"]
[Annotator "Ribli,Z"]
[PlyCount "38"]
[EventDate "1990.??.??"]
[EventType "team"]
[EventRounds "2"]
[EventCountry "SUI"]
[SourceTitle "CBM 019"]
[Source "ChessBase"]
[SourceDate "1990.12.01"]
[SourceVersion "1"]
[SourceVersionDate "1990.12.01"]
[SourceQuality "1"]

1. Nf3 c5 2. g3 Nc6 3. Bg2 e5 4. d3 g6 5. O-O Bg7 6. c4 Nge7 7. Nc3 d6 8. a3 a5
9. Rb1 O-O 10. Ne1 (10. Bd2 $5) 10... Be6 11. Nc2 (11. f4 $5 exf4 12. Bxf4 Qd7
13. Qd2 d5 14. cxd5 Nxd5 15. Bh6 $10 {Sigfusson,S-Bator,R Rilton Cup 1988 CBM
11}) 11... d5 12. cxd5 (12. b3 $5) 12... Nxd5 13. Ne3 $1 (13. Nxd5 Bxd5 14.
Bxd5 Qxd5 15. b4 cxb4 16. axb4 a4 $15) 13... Nde7 14. Bd2 $5 (14. Nc4 Rb8 15.
f4 Nd5 16. fxe5 Nxe5 17. Nxd5 Bxd5 18. Bxd5 Qxd5 19. Nxe5 Bxe5 20. Bf4 Rfe8 21.
Rf2 $15 {Byrne,D-Ivkov,B Novi Sad 1972 14/97}) 14... Rb8 15. Na4 b6 16. b4 axb4
17. axb4 Nxb4 18. Bxb4 cxb4 19. Rxb4 Bh6 {Ribli} 1/2-1/2

[Event "Chigorin Memorial 07th"]
[Site "St Petersburg"]
[Date "1999.11.05"]
[Round "4"]
[White "Popov, Valerij"]
[Black "Eljanov, Pavel"]
[Result "1-0"]
[WhiteElo "2523"]
[BlackElo "2447"]
[Annotator "Ribli,Z"]
[PlyCount "67"]
[EventDate "1999.11.02"]
[EventType "swiss"]
[EventRounds "9"]
[EventCountry "RUS"]
[SourceTitle "CBM 074"]
[Source "ChessBase"]
[SourceDate "2000.02.01"]
[SourceVersion "1"]
[SourceVersionDate "2000.02.01"]
[SourceQuality "1"]

{[%mdl 2112]} 1. Nf3 c5 2. c4 Nc6 3. Nc3 e5 {Schwarz schwächt von selbst den
Punkt auf d5, aber kontrolliert stark das Feld d4.} 4. g3 g6 5. Bg2 Bg7 6. d3
Nge7 7. O-O O-O 8. a3 {Das ist ein typischer Plan - Weiss bereitet den Zug
b2-b4 vor.} d6 9. Rb1 a5 10. Bd2 Rb8 11. Qc1 (11. Qa4 $5 b6 (11... Be6 12. Ng5
$5 Bd7 13. Nge4 Nd4 14. Qd1 Bc6 15. b4 axb4 16. axb4 cxb4 $5 17. Rxb4 f5 18.
Ng5 h6 19. Nf3 Ne6 $5 20. Qb1 g5 $5 $132 {1/2-1/2 Gurevich,M-Maksimenko,A/
Jugoslavija 1996/Inf 68/[Gurevich,M] (40)}) (11... Bd7 12. Rfc1 Nd4 13. Qd1 Bc6
14. e3 Ne6 15. b4 axb4 16. axb4 cxb4 17. Nb5 e4 18. Nfd4 exd3 19. Nxe6 fxe6 20.
Bxb4 {1-0 Ribli,Z-Hellers,F/Amsterdam 1986/CBM 01 (33)}) 12. Rfc1 h6 13. Ne1
Bd7 14. Qd1 Be6 15. Nc2 d5 16. cxd5 Nxd5 17. Nxd5 Bxd5 18. Bxd5 Qxd5 19. b4
cxb4 20. axb4 e4 21. Ne3 Qe6 22. dxe4 Qxe4 23. Qc2 Qe6 24. Qd1 Qd5 {1/2-1/2
Dizdarevic,E-Oral,T/Batumi GEO 1999 (25)}) 11... Nd4 {Dieser Springerzug wurde
schon gespielt, aber nach meiner persöhnlichen Meinung ist er zu früh.} (11...
b6 $5 12. Bh6 f6 13. Ne1 Be6 14. Bxg7 Kxg7 15. Nc2 d5 16. cxd5 Nxd5 17. Ne3 (
17. Nxd5 Bxd5 {1/2-1/2 Voskanian,V-Rogers,I/Gausdal 1995/CBM 46 ext (17)})
17... Nde7 $1 18. f4 exf4 19. gxf4 $6 (19. Rxf4 $11) 19... Nd4 20. Rf2 Qd7 21.
Qd2 a4 $1 $15 {0-1 Adianto,U-Rogers,I/Jakarta (zt) 1993/Inf 56/[Rogers,I] (48)}
) 12. Nxd4 exd4 13. Nb5 {[%csl Gb5][%cal Gg2b7,Gb2b4] Weiss hat die etwas
bessere Stellung dank seines guten g2B und sein b5N steht auch aktiv. Leider -
für Schwarz - steht sein g7B etwas passiv.} (13. Ne4 Bg4 14. Re1 Nc6 15. Bf4
Ne5 16. b4 axb4 17. axb4 b6 18. Qa3 {1-0 Konopka,M-Mattick,L/Berlin 1991/EXT
98 (32)}) 13... Bg4 14. Re1 (14. Qc2 Bxe2 15. Rfe1 Bg4 16. Bxa5 $14) 14... Nc6
{Schwarz verbessert seine Springerstellung, aber den Zug 15.b2-b4 kann er
nicht vermeiden.} 15. b4 $14 axb4 16. axb4 Re8 (16... Nxb4 $6 17. Bxb4 cxb4 18.
Qf4 $16 {[%csl Rb4,Rd6,Rg4][%cal Rf4g4,Rf4d6] Schwarz hat einen Bauern mehr,
aber die Bauern b4,d6,d4 sind schwach.}) 17. bxc5 dxc5 18. Bf4 {[%csl Yd6,Gf4,
Gg2][%cal Rf4b8] Weiss kontrolliert stark die wichtigsten Punkte am
Damenflügel.} Be5 $6 {Schwarz möchte seinen "schlechten" Läufer tauschen.} (
18... Ne5 19. Ra1 $14 {[%cal Ga1a7]}) 19. h3 Bf5 (19... Bxf4 20. Qxf4 {[%csl
Gf4]} Bxe2 21. Nd6 {[%csl Rb7,Gd6][%cal Rd6e8,Rf4f7,Gd6f7]} Re7 22. Bxc6 bxc6
23. Rxb8 Qxb8 24. Nf5 {[%csl Re7][%cal Rf5e7,Re7g8]} Rb7 25. Rxe2 gxf5 26. Qg5+
$16) 20. g4 Bc8 (20... Bd7 21. Nd6 $14 {[%csl Gd6,Gf4,Gg2]}) (20... Be6 21.
Bxc6 Bxf4 22. Qxf4 bxc6 23. Nc7 Rb5 $14) 21. Bg5 (21. Ra1 $14) 21... f6 $2 {
Mit diesem Zug schwächt Schwarz freiwillig seine Königsstellung.} (21... Bf6
22. Bxf6 Qxf6 23. Nc7 $14) 22. Bd2 {[%csl Rg8][%cal Gg2d5,Gd5g8] "Der Mohr hat
seine Schuldigkeit getan, der Mohr kann gehen" - Schwarz hat eine geschwächte
Königstellung.} Be6 23. Qa3 {[%csl Rc5][%cal Ra3c5]} Qe7 24. f4 {[%csl Re5]}
Ra8 {Schwarz hat Probleme mit der Platzierung des e5-Läufers, so macht er
Platz auf b8.} (24... Bd6 25. e3 $14 {[%cal Re1e7]}) 25. Qb2 Bb8 26. e3 $1 {
Weiss sprengt die Stellung und die schwarze Dame befindet sich sehr unangenehm
auf e7.} dxe3 27. Rxe3 $16 {[%cal Re3e8]} Qf7 28. Rbe1 {[%cal Ge1e8] Weiss hat
starken positionellen Druck auf der e-Linie und es droht 29.Rxe6 mit Gewinn.}
Kg7 {[%cal Gb2g7]} (28... Bxf4 29. Rxe6 {[%cal Rd5g8]} Rxe6 30. Rxe6 $18 {
Wegen des Motivs Bg2-d5 kann Schwarz nicht auf e6 nehmen.}) 29. Bd5 Nd8 (29...
Bxd5 30. Rxe8 $18) 30. f5 $18 {[%csl Re6,Re8][%cal Re1e8]} gxf5 31. gxf5 Bf4 {
Schwarz kann Materialverlust nicht vermeiden - mit dem Partizug möchte er im
Trüben fischen.} 32. fxe6 Qg6+ 33. Kh1 Bxe3 34. Bxe3 {[%csl Rg6,Rg7][%cal
Re1g1,Rg1g7]} 1-0

[Event "Chigorin Memorial 07th"]
[Site "St Petersburg"]
[Date "1999.11.07"]
[Round "6"]
[White "Kryschilovskij, Andrej"]
[Black "Yemelin, Vasily"]
[Result "0-1"]
[WhiteElo "2343"]
[BlackElo "2500"]
[Annotator "Ribli,Z"]
[PlyCount "64"]
[EventDate "1999.11.02"]
[EventType "swiss"]
[EventRounds "9"]
[EventCountry "RUS"]
[SourceTitle "CBM 074"]
[Source "ChessBase"]
[SourceDate "2000.02.01"]
[SourceVersion "1"]
[SourceVersionDate "2000.02.01"]
[SourceQuality "1"]

{[%mdl 36]} 1. Nf3 c5 2. c4 Nc6 3. Nc3 e5 {Schwarz spielt auf assymetrische
Stellung. Der Punkt d5 wird geschwächt, aber Schwarz bekommt auch seine
Chancen - er kann seinen Springer statt f6 nach e7 entwickeln.} 4. g3 (4. e3)
4... g6 5. Bg2 Bg7 6. O-O Nge7 7. d3 O-O (7... d6 8. Ne1 Be6 9. Nc2 d5) 8. Ne1
d6 9. Nc2 Be6 10. Ne3 {[%csl Yd5][%cal Gc3d5,Ge3d5] Beide weisse Springer
kontrollieren das d5-Feld, aber nur einer kann es besetzen! (d.h. der andere
steht überflüssig.) Schwarz hat sein Gegenspiel mit f7-f5 oder mit b7-b5.} Rb8
11. Ned5 (11. a4) 11... a6 (11... Qd7 12. Bg5 f6 13. Bd2 Kh8 14. a3 f5 15. e3
Bg8 16. Qa4 a6 17. Nxe7 Qxe7 18. Nd5 Qe8 19. Bc3 Ne7 20. Qxe8 Rfxe8 21. Nb6 Be6
22. b4 {1-0 Trzaska,P-Kraus,O/Dortmund 1992/TD (52)}) 12. Bg5 $6 {Dieser Zug -
Weiss provoziert f7-f6 - gefällt mir nicht, da Schwarz selbst f7-f5 ziehen
möchte, was er nach 12...f6 machen kann. Die Alternativen 12.a4 - den Zug 12...
b5 verhindern - oder die Läuferentwicklung mit 12.b3, 13.Bb2 sind logischer.} (
12. a4 Qd7 (12... b6 13. e3 Qd7 14. Re1 Nb4 15. Nxb4 cxb4 16. Nd5 Bxd5 17. cxd5
a5 18. Qb3 Rfc8 {0-1 Gollain,M-Badii,M/Paris 1993/TD (40)}) (12... Nb4 13. Bg5
f6 14. Bd2 Nbxd5 15. cxd5 Bd7 16. e4 f5 17. f4 Qc7 18. Kh1 b5 19. axb5 axb5 20.
fxe5 Bxe5 21. Bh6 {1-0 Barcza,G-Hecht,H/Varna 1962/MCD (74)}) 13. Bg5 f6 14.
Bd2 Bh3 15. Nb6 Qf5 16. Be4 Qh5 17. Bf3 Qf5 18. Be4 Qh5 19. Bf3 {1/2-1/2
Kononenko,T-Velcheva,M/Zanka 1995/EXT 97 (19)}) (12. f4 f5 13. fxe5 (13. Be3 b6
14. Qd2 Qd7 15. Rab1 b5 16. Rbd1 Nc8 {1/2-1/2 Kerek,C-Eperjesi,L/Budapest 1998/
CBM 62 ext (16)}) 13... dxe5 14. Be3 Qd6 15. Qd2 b5 16. Rac1 b4 17. Nxe7+ Nxe7
18. Nd5 Nc6 19. Bh6 Rf7 20. Bxg7 Kxg7 21. Rf2 Ne7 22. Qe3 {1/2-1/2 Hecht,
H-Hartmann,W/BL8384 1984/GER-chT (54)}) (12. b3 b5 13. Bb2 Qd7 14. Qd2 b4 15.
Na4 Bxd5 16. cxd5 Nd4 17. e3 Nb5 18. Rac1 h5 19. f4 f6 20. Qe2 Bh6 21. Rf2 Qa7
22. Rcf1 {1-0 Velikov,P-Cramling,P/Novi Sad 1990/TD (60)}) 12... f6 13. Bd2 b5
$11 {Schwarz hat Gegenspiel am Damenflügel, was eine gute Kompensation für den
d5-Punkt darstellt.} 14. Rb1 (14. cxb5 axb5 15. a3 f5 $11 (15... Nxd5 16. Nxd5
(16. Bxd5 Qd7 $11) 16... Qd7 $11 (16... Ne7 $11))) 14... b4 15. Nxe7+ Nxe7 16.
Nd5 (16. Ne4 h6 {[%cal Rf6f5]} (16... f5 17. Ng5 Bd7 $11)) 16... Nxd5 17. Bxd5
$6 {Dieser Läufertausch schwächt den weissen Königsflügel.} (17. cxd5 $5 Bd7
$11) 17... Bxd5 18. cxd5 f5 19. e4 {Früher oder später muss Weiss so spielen,
da er den d5-Bauern unterstützen muss.} Rb7 $1 {[%cal Gb7f7] Der Turm kommt
ins Spiel auf der siebten Reihe.} 20. f3 Rbf7 {[%cal Gf8f1]} 21. Kg2 h5 $1 $15
{[%cal Gh5h4] Schwarz spielt ausgezeichnet - im folgenden kann er mit h5-h4
die h-Linie öffnen und den Läufertausch mit Kh7-Bh6 vorbereiten.} 22. h3 (22.
h4 f4 $36) 22... Kh7 {[%cal Gg7h6,Gh6d2]} 23. a3 a5 (23... bxa3 $6 24. bxa3
$132 {[%cal Gb1b8]}) 24. axb4 axb4 25. Ra1 {[%cal Ga1a8]} (25. Qc1 $5) 25...
Bh6 $1 26. Bxh6 Kxh6 {Schwarz hat eine gute Angriffstellung am Königsflügel.
Weiss hat kein Gegenspiel.} 27. Qd2+ f4 28. Ra6 (28. g4 Rh8 $40) 28... Rh8 29.
Rfa1 Qg5 $17 30. g4 (30. Qf2 fxg3 31. Qxg3 Qd2+ 32. Kh1 Rf6 $17) 30... Rfh7 {
[%cal Gh8h1]} 31. Rxd6 hxg4 32. hxg4 (32. fxg4 $2 f3+ $19 {[%cal Rg5d2,Rf3g2]})
32... Qh4 $19 {Und Weiss gab auf - sein König befindet sich in Mattnetz. Die
starken schwarzen Schwerfiguren gewinnen die Partie auf der h-Linie.} (32...
Qh4 {[%csl Rg2][%cal Rh4g3,Rg3g2]} 33. Qf2 (33. Rh1 $2 {[%cal Rh1h6]} Qxh1+ 34.
Kxh1 Kg5+ {[%cal Rh8h1]} 35. Kg2 Rh2+ $19) 33... Kg5 34. Qxh4+ Rxh4 35. Rf1 {
Dieser Zug verliert, aber die anderen Züge helfen auch nicht.} (35. Rg1 Rh2+
36. Kf1 Rxb2 $19) 35... Rh2+ 36. Kg1 Rxb2 $19 {[%csl Gb2,Gb4,Rg1][%cal Rh8h2]})
0-1

[Event "Redbus KO"]
[Site "Southend"]
[Date "1999.04.02"]
[Round "1.1"]
[White "Ledger, Andrew"]
[Black "Emms, John M"]
[Result "1/2-1/2"]
[WhiteElo "2459"]
[BlackElo "2573"]
[Annotator "Ribli,Z"]
[PlyCount "77"]
[EventDate "1999.04.??"]
[EventType "k.o."]
[EventRounds "4"]
[EventCountry "ENG"]
[SourceTitle "CBM 071"]
[Source "ChessBase"]
[SourceDate "1999.08.01"]
[SourceVersion "1"]
[SourceVersionDate "1999.08.01"]
[SourceQuality "1"]

{[%mdl 4100]} 1. c4 c5 2. Nc3 g6 3. g3 Bg7 4. Bg2 Nc6 5. Nf3 e6 {Meines
Erachtens ist das hier die beste Möglichkeit für Schwarz, aber die zwei
anderen Hauptfortsetzungen 5...Nf6 und 5...e5 sind auch gut spielbar. Nach dem
Textzug möchte Schwarz seine Entwicklung mit ...Nge7, ...0-0, ...b6 und ...Bb7
beenden. Ribli.} 6. d4 {Ein auf den ersten Blick überraschender Zug. Weiß
opfert zeitweilig einen Bauern, aber wegen der Felderschwächen (besonders d6)
kann Schwarz den Mehrbauern praktisch nicht behaupten. Weiß verfolgt die
gleiche Idee in der Variante 6.0-0 Nge7 7.d4.} cxd4 {Das ist eine einfache und
gute Reaktion von Schwarz.} (6... Nxd4 7. Nxd4 cxd4 8. Nb5 $5 (8. Ne4) 8... Qb6
9. Qa4 a6 10. e3 $13) 7. Nb5 d5 (7... e5 8. e3 d6 9. exd4 a6 10. Nc3 exd4 11.
Nd5 Nge7 12. O-O Nxd5 13. cxd5 Ne5 14. Nxd4 Qb6 15. b3 Bg4 16. Qd2 h5 $13) 8.
cxd5 (8. Nbxd4 dxc4 9. Nxc6 Qxd1+ 10. Kxd1 bxc6 11. Nd2 {[%cal Gd2c4,Rg2c6,
Rc6e8,Rc6a8]} Ne7 12. Nxc4 Ba6 13. Nd6+ Kf8 14. Ne4 Rd8+ 15. Ke1 Nd5 $11 {
[%csl Gd5,Re1,Gg7][%cal Gg7a1] Schwarz hat mindestens eine ausgeglichene
Stellung. Der weiße König kann nicht rochieren und die schwarze Figuren stehen
aktiv.}) 8... exd5 (8... Qa5+ 9. Nd2 (9. Qd2 $2 Qxb5 10. dxc6 Qxc6 11. O-O Qb6
12. b3 Nf6 13. Ba3 Ne4 14. Qf4 Nc3 $17 {[%csl Gc3]}) 9... exd5 (9... Qxb5 10.
dxc6 Ne7 11. a4 Qb4 12. b3 Nxc6 13. Ba3 Qa5 14. O-O Bf8 15. Nc4 Qd8 16. Bxf8
Kxf8 $11 {Schwarz hat einen Bauern mehr, aber der Bauer d4 ist schwach und er
hat Probleme mit der Entwicklung des Damenläufers.}) 10. a4 $5 (10. Nd6+ Ke7
11. Nxc8+ Rxc8 12. O-O Nf6 13. b4 Nxb4 14. Nb3 Qa6 15. Nxd4 $44 {Als
Kompensation für den Bauern besutzt Weiß lebendiges Figurenspiel. Der schwarze
König steht unsicher.}) 10... Nf6 11. Nd6+ Ke7 12. b4 $44 {[%cal Gc1a3,Ga3e7]})
9. Nbxd4 Nge7 10. O-O O-O {Schwarz hat einen isolierten Damenbauern auf d5,
aber der g7-Läufer steht ausgezeichnet und seine Figuren zielen auf das
Blockadefeld d4 (später ...Ne7-c6 oder ...Ne7-f5). Die Stellung ist daher im
Gleichgewicht.} 11. Be3 (11. Bg5 $6 {Dieser Zug scheint zu optimistisch zu
sein.} Qb6 12. Nxc6 $6 (12. Bxe7 Nxe7 13. Qd2 Bg4 $11) 12... Nxc6 13. Qxd5 Qxb2
$15 14. Qc4 Be6 15. Qh4 Qxe2 16. Rfe1 Qc4 17. Re4 Qxe4 18. Qxe4 Bxa1 19. Qb1
Bg7 20. Qxb7 Nd4 21. Nxd4 Bxd4 {1/2-1/2 Aronian,L-Milu,R/Bucharest 1999/CBM
70_07 (45)}) 11... Re8 {[%cal Ge8e2] Das ist stets ein logische
prophylaktischer Zug.} 12. Re1 (12. Rc1 Nf5 13. Nxf5 Bxf5 14. Qd2 (14. Rc5 d4
15. Nxd4 Bxd4 16. Rxc6 Bxe3 17. Rd6 Qe7 18. fxe3 Qxe3+ 19. Kh1 Qxe2 20. Rd2
Qxd1 21. Rfxd1 Re7 {1/2-1/2 Nogueiras,J-Barbero,G/Thessaloniki 1984/EXT 97-B 
(33)}) 14... d4 15. Bh6 Bh8 16. Ng5 Ne5 17. h3 Qb6 18. g4 Be6 19. b3 Rad8 20.
Nxe6 Rxe6 21. Rfd1 Nc6 22. Rc4 a5 23. Bg5 Rde8 24. e3 {1-0 Adianto,U-Gheorghiu,
F/Biel 1998/EXT 99 (45)}) (12. Qd2 Nf5 13. Nxc6 bxc6 14. Bf4 Nd6 15. Bxd6 Qxd6
16. Rac1 a5 17. e3 Bd7 18. Nd4 a4 19. Rfd1 {1/2-1/2 Ledger,A-Ward,C/ENG 1992/
CBM 30 ext (48)}) 12... Nf5 {[%csl Yd4] Die Alternative 12...Bg4 ist auch gut.
Mit der Partiefortsetzung möchte Schwarz die Lage im Zentrum klären.} (12...
Bg4 13. Qd2 (13. Qa4 Qd7 14. Nxc6 Nxc6 15. Qb5 d4 16. Rad1 Rad8 17. Bg5 Rc8 18.
Bf4 a6 19. Qb6 h6 20. h3 Bf5 21. Rd2 g5 22. g4 Bxg4 23. hxg4 gxf4 {0-1 Foisor,
O-Lesiege,A/Hyeres 1992/TD (55)}) 13... Bxf3 14. Nxc6 bxc6 15. Bxf3 Nf5 16. Bc5
Qf6 17. Rab1 Nd6 18. Bxd6 Qxd6 19. b4 Rab8 20. Rec1 Rb6 21. Qc2 h5 {1/2-1/2
Vaulin,A-Ulibin,M/Nizhnij Tagil 1998/EXT 99 (71)}) 13. Nxf5 (13. Nxc6 bxc6 $15
{[%csl Re3,Gf5][%cal Gg7a1]} (13... Nxe3 $2 14. Nxd8 Nxd1 15. Nxf7 Nxf2 16. Nd6
$16)) 13... Bxf5 14. Nd4 {Weiß muß das Feld d4 behaupten.} Be4 15. Rc1 (15. f3
Qb6 $5 16. Nf5 Qxb2 17. Nxg7 Bc2 $15) 15... Bxg2 16. Kxg2 Qd7 (16... Qf6 $11)
17. Nxc6 bxc6 18. Bd4 {Weiß hat wegen der besseren Bauermstruktur nur
theoretischen Vorteil. Die Schwäche der Bauern c6/d5 kompensiert Schwarz mit
aktivem Figurenspiel.} Bxd4 19. Qxd4 Re4 {[%csl Ge4]} 20. Qf6 {Eine
"Verbesserung" im 20.Zug! In einer früheren Partie von Emms spielte der Weiße
20.Qc5 und die Partie endete schnell Remis.} (20. Qc5 Rae8 21. Qxc6 (21. e3 d4
$11) 21... Qxc6 22. Rxc6 Rxe2 23. Rxe2 Rxe2 24. Ra6 Rxb2 {1/2-1/2 McNab,C-Emms,
J/BCF-ch 1993/TD (24)}) 20... Re6 (20... Rc8 $11) 21. Qf3 Rae8 {[%cal Ge8e2]}
22. Rc2 Re4 $11 {Schwarz hat spürbaren Druck in der e-Linie.} 23. Rd1 h5 {
[%cal Gh5h4]} 24. h3 (24. h4 $11) 24... R8e6 25. e3 Kg7 26. Rcd2 Qb7 {[%cal
Gb7g2]} 27. b3 a5 $1 {[%cal Ga5a4] Schwarz beabsichtigt ...a5-a4.} 28. Rd4 Rf6
29. Qe2 Rxd4 30. Rxd4 c5 {[%csl Gc5,Gd5][%cal Gb7g2] Jetzt besitzt Schwarz die
sogenannten "hängenden" Bauern.} 31. Ra4 {[%csl Ra5]} d4+ {[%cal Gb7g2]} 32.
Kg1 (32. f3 $6 {Dieser Zug schwächt die weiße Königsstellung.} Re6 33. e4 f5
34. Qc4 (34. e5 Qd5) 34... Qe7) 32... Re6 {[%csl Re2][%cal Ge6e2]} 33. Rxa5
dxe3 (33... Qc7 34. Qe1 dxe3 35. fxe3 Rxe3 36. Qxe3 Qxa5 37. a4 $11) 34. Rxc5 (
34. fxe3 Qe7 $40 {[%csl Ra5,Re3][%cal Re7e3]} (34... Qc7 35. Qe1 Rxe3 36. Qxe3
Qxa5 37. a4 $11)) 34... exf2+ 35. Qxf2 Rf6 {Schwarz hat einen Bauern weniger,
aber wegen der geschwächten weißen Königsstellung steht er keineswegs
schlechter.} 36. Qe1 Qa7 {[%cal Ra7g1,Ra7a2]} 37. Qe3 (37. Qc3 Qxa2 38. Rc6
Qf2+ 39. Kh1 Qf3+ 40. Qxf3 Rxf3 41. Kg2 Rxb3 $15 {Das Turmendspiel ist Remis,
aber Schwarz hat theoretisch Vorteil.}) (37. Qa5 $2 Qd7 {[%csl Rg1][%cal Rd7d1,
Rd7h3]}) 37... Qxa2 38. Rc1 $11 Qb2 39. Rf1 {Und hier wurde in ausgeglichener
Stellung Remis vereinbart.} (39. Rf1 Rxf1+ (39... Re6 40. Qf4 $11 (40. Qf3 $11)
(40. Qf2 $11)) 40. Kxf1 $11) 1/2-1/2

[Event "EU-chT (Men) 13th"]
[Site "Leon"]
[Date "2001.11.11"]
[Round "6.1"]
[White "Beliavsky, Alexander G"]
[Black "Oral, Tomas"]
[Result "1/2-1/2"]
[WhiteElo "2668"]
[BlackElo "2546"]
[Annotator "Ribli,Z"]
[PlyCount "85"]
[EventDate "2001.11.06"]
[EventType "team-swiss"]
[EventRounds "9"]
[EventCountry "ESP"]
[SourceTitle "CBM 086"]
[Source "ChessBase"]
[SourceDate "2002.02.05"]
[SourceVersion "1"]
[SourceVersionDate "2002.02.05"]
[SourceQuality "1"]
[WhiteTeam "Slovenia"]
[BlackTeam "Czech Republic"]
[WhiteTeamCountry "SLO"]
[BlackTeamCountry "CZE"]

1. c4 c5 2. Nc3 Nc6 3. g3 g6 4. Bg2 Bg7 5. Nf3 e5 {Der Textzug schwächt das
Feld d5 - in der Folge kann Schwarz aber seinen Springer nach e7 entwickeln.} (
5... e6) (5... Nf6) 6. a3 {Weiß fackelt nicht lange - er möchte sofort mit b2
- b4 die Initiative ergreifen.} Nge7 (6... a5 7. d4 $5 cxd4 8. Nb5 d6 9. e3 $44
) (6... d6 7. O-O (7. Rb1 a5 8. d3 Nge7 9. Nd2 Be6 10. Nf1 O-O 11. Ne3 Bh6 12.
Ned5 Bxc1 13. Qxc1 Kg7 14. e3 Rb8 $11) 7... Nge7 8. b4 e4 $13 (8... cxb4 $6 9.
axb4 Nxb4 10. Ba3 Nec6 (10... Na6) 11. Qa4 Na6 12. Ne4 $16)) 7. b4 d5 {GM Oral
kennt diese Stellung. Schwarz folgt hier einer klassischen Regel: Wenn der
Gegner am Flügel spielt, suche Gegenspiel im Zentrum.} (7... cxb4 8. axb4 d5 9.
b5 Nb8 10. b6 Nbc6 11. cxd5 Nxd5 12. Nxd5 Qxd5 13. Bb2 O-O 14. O-O Qd8 15. Qc2
Qxb6 16. Rfb1 Qc7 17. d4 $44 {1-0 Lehtinen,H-Savolainen,L/Tampere 2000/EXT
2001 (27)}) 8. cxd5 (8. bxc5 O-O 9. O-O dxc4 10. Rb1 Na5 11. d3 {1/2-1/2 Stohl,
I-Oral,T/CZE 2000/EXT 2001 (11)}) 8... Nxd5 9. Nxd5 Qxd5 {Die Dame steht ein
wenig exponiert auf d5, aber Schwarz droht mit 10...e4.} 10. Bb2 O-O (10...
cxb4 11. axb4 Nxb4 (11... O-O 12. O-O e4 $5) 12. Qa4+ Nc6 13. O-O $44) 11. O-O
(11. d3 cxb4 12. axb4 Rd8 13. O-O Qb5 14. Ng5 h6 15. Ne4 Nxb4 16. Qa4 Bd7 17.
Qxb5 Bxb5 18. Nc5 Bc6 19. Nxb7 {1/2-1/2 Belotti,B-Weber,J/Leon ESP 2001/(39)})
11... e4 {Mit einfachen Zügen erlangt Schwarz eine bequeme Stellung.} 12. Bxg7
Kxg7 13. Ne1 cxb4 14. d3 $6 (14. axb4 Nxb4 15. Ra4 $13 {[%cal Rd1a1,Ra1g7]})
14... Bf5 (14... bxa3 15. Rxa3 $13) 15. Nc2 (15. dxe4 Qxd1 16. Rxd1 Bg4 (16...
Be6) 17. f3 Be6 $15) (15. axb4 Nxb4 16. Ra4 $13) 15... Qe6 16. Nxb4 $11 (16.
axb4 exd3 17. exd3 Rfd8 $15) 16... Rfd8 (16... Nxb4 17. axb4 Rfd8 $11) 17. Nxc6
bxc6 18. Re1 $6 (18. Qc1 exd3 19. exd3 Bxd3 20. Qxc6 $11) 18... exd3 19. exd3
Qf6 20. Bf1 Rd4 $15 {Schwarz steht aktiv, und der Pd3 wirkt schwächer als sein
Gegenüber auf c6.} 21. Rc1 {Das weiße Gegenspiel muss sich gegen schwarzen c -
Bauern richten.} Rad8 22. Re3 Qd6 23. Rc3 {[%mdl 256] Es sieht nicht schön aus,
wenn man den Pd3 mit Re3 und Rc3 verteidigen muss, aber es gibt hier nichts
besseres.} c5 24. Qc1 $11 {[%cal Gc1c5]} (24. Qc2) 24... Kg8 (24... Rc8 $11)
25. h4 (25. Rxc5 Bxd3 26. Bxd3 Rxd3 $11) 25... h5 26. Qe1 $6 {Spielt Weiß
jetzt auf Gewinn? Meiner Meinung nach sollte er einfach auf c5 nehmen - mit
ausgeglichener Stellung.} (26. Rxc5 Bxd3 27. Bxd3 Rxd3 $11) 26... Kf8 27. Rb3
Be6 $5 (27... Rb8 28. Rxb8+ (28. Rc3 $11) 28... Qxb8 $11) 28. Rb7 (28. Rc3)
28... Qa6 (28... Rd7 $5 29. Rxd7 Bxd7 $15 (29... Qxd7 30. Qa5 Qe7 31. Bh3 $14))
29. Rb1 Qxa3 {Schwarz erobert den Bauern, aber seine Dame entfernt sich damit
weit vom Ort des eigentlichen Geschehens.} (29... Qd6 $11) {[#]} 30. Rxe6 $1 {
[%mdl 512] Ein starkes Qualitätsopfer - in der Folge bekommt Weiß Aktivität am
Königsflügel.} (30. Ra1 $11) 30... fxe6 31. Qxe6 $44 {[%csl Ra3,Rf8]} R4d6 (
31... Kg7 $4 32. Rb7+ Kh6 33. Qe3+ $18) 32. Qe5 {[%csl Ge5][%cal Re5h8,Rb1b7]}
Qa2 {[%cal Ga2g8]} (32... Kg8 $2 33. Rb7 R6d7 34. Rxd7 Rxd7 35. Qe8+ $18) 33.
Rb7 R6d7 $8 (33... R8d7 34. Rb8+ Kf7 (34... Rd8 35. Qxd6+ $18) 35. Qe8+ Kf6 (
35... Kg7 36. Qf8+ Kh7 37. Qh8#) 36. Qh8+ Rg7 (36... Kf7 37. Qg8+ $18) 37. Qf8+
$18 (37. Rf8+)) 34. Qxc5+ Kf7 35. Rc7 (35. d4 {[%cal Rf1c4,Rc4a2,Rc4f7]} Kg7
36. Qe5+ Kh7 37. Rc7 $11) 35... Qa1 {[%cal Ga1f6]} (35... Rxc7 36. Qxc7+ Ke8
37. Qc6+ (37. d4 $11) 37... Kf7 38. Qc7+ $11) 36. d4 Qe1 {Schwarz kümmert sich
nicht um den Pa7, er möchte nur so schnell wie möglich mit der Dame
zurückkehren, um den Königsflügel zu verteidigen.} (36... Qxd4 $4 37. Qxd4 $18)
37. Qxa7 Qe7 $11 {Weiß hat schon zwei Bauern für die Qualität, aber der d -
Bauer ist schwach.} 38. Qa2+ (38. Rxd7 Rxd7 $11 (38... Qxd7 $11)) 38... Kg7 39.
Rc6 Rd6 40. d5 (40. Rxd6 $11) 40... Rxd5 41. Qb2+ Kh7 42. Qf6 Qxf6 43. Rxf6
1/2-1/2